Anmerkung zu OLG Karlsruhe, 12.9.2013, 11 WX 74/12

Saved in:
Bibliographic Details
Main Author: Jayme, Erik (Author)
Format: Article (Journal)
Language:German
Published: 2014
In: IPRax
Year: 2014, Volume: 34, Issue: 5, Pages: 449-450
ISSN:0720-6585
Online Access: Get full text
Author Notes:Erik Jayme

MARC

LEADER 00000caa a22000002c 4500
001 1514724421
003 DE-627
005 20240705210008.0
007 tu
008 150827s2014 xx ||||| 00| ||ger c
035 |a (DE-627)1514724421 
035 |a (DE-576)444724427 
035 |a (DE-599)BSZ444724427 
035 |a (OCoLC)1340708283 
040 |a DE-627  |b ger  |c DE-627  |e rakwb 
041 |a ger 
084 |a 19  |2 sdnb 
100 1 |a Jayme, Erik  |d 1934-2024  |0 (DE-588)121171663  |0 (DE-627)081131968  |0 (DE-576)161580092  |4 aut 
245 1 0 |a Anmerkung zu OLG Karlsruhe, 12.9.2013, 11 WX 74/12  |c Erik Jayme 
264 1 |c 2014 
300 |a 2 
336 |a Text  |b txt  |2 rdacontent 
337 |a ohne Hilfsmittel zu benutzen  |b n  |2 rdamedia 
338 |a Band  |b nc  |2 rdacarrier 
773 0 8 |i In  |t IPRax  |d Bielefeld : Gieseking, 1981  |g 34(2014), 5, Seite 449-450  |w (DE-627)129861103  |w (DE-600)283279-3  |w (DE-576)015171361  |x 0720-6585  |7 nnas  |a Anmerkung zu OLG Karlsruhe, 12.9.2013, 11 WX 74/12 
773 1 8 |g volume:34  |g year:2014  |g number:5  |g pages:449-450  |g extent:2  |a Anmerkung zu OLG Karlsruhe, 12.9.2013, 11 WX 74/12 
776 0 8 |i Erscheint auch als  |n Online-Ausgabe  |a Jayme, Erik, 1934 - 2024  |t Anmerkung zu OLG Karlsruhe, 12.9.2013, 11 WX 74/12  |d 2014  |w (DE-627)1514724561  |w (DE-576)444724567 
951 |a AR 
992 |a 20150827 
993 |a Article 
998 |g 121171663  |a Jayme, Erik  |m 121171663:Jayme, Erik  |d 20000  |d 20100  |e 20000PJ121171663  |e 20100PJ121171663  |k 0/20000/  |k 1/20000/20100/  |p 1  |x j  |y j 
999 |a KXP-PPN1514724421  |e 2861822872 
BIB |a Y 
SER |a journal 
JSO |a {"id":{"eki":["1514724421"]},"physDesc":[{"extent":"2 S."}],"origin":[{"dateIssuedKey":"2014","dateIssuedDisp":"2014"}],"language":["ger"],"person":[{"family":"Jayme","display":"Jayme, Erik","role":"aut","given":"Erik"}],"title":[{"title_sort":"Anmerkung zu OLG Karlsruhe, 12.9.2013, 11 WX 74/12","title":"Anmerkung zu OLG Karlsruhe, 12.9.2013, 11 WX 74/12"}],"type":{"bibl":"article-journal"},"name":{"displayForm":["Erik Jayme"]},"relHost":[{"person":[{"display":"Hess, Burkhard","family":"Hess","given":"Burkhard","role":"edt"},{"given":"Herbert","role":"edt","family":"Kronke","display":"Kronke, Herbert"}],"language":["ger"],"type":{"bibl":"periodical"},"title":[{"title":"IPRax","title_sort":"IPRax","subtitle":"Praxis des internationalen Privat- und Verfahrensrechts"}],"origin":[{"publisherPlace":"Bielefeld","dateIssuedDisp":"1981-","publisher":"Gieseking","dateIssuedKey":"1981"}],"id":{"eki":["129861103"],"zdb":["283279-3"],"issn":["0720-6585"]},"disp":"Anmerkung zu OLG Karlsruhe, 12.9.2013, 11 WX 74/12IPRax","pubHistory":["1.1981 -"],"titleAlt":[{"title":"Praxis des internationalen Privat- und Verfahrensrechts"}],"recId":"129861103","part":{"extent":"2","volume":"34","text":"34(2014), 5, Seite 449-450","year":"2014","issue":"5","pages":"449-450"}}],"recId":"1514724421"} 
SRT |a JAYMEERIKANMERKUNGZ2014